|
|
|
|
| LEADER |
01028nam a2200265 a 4500 |
| 001 |
2939533 |
| 008 |
091230r19971989ii b 000 0 eng d |
| 010 |
|
|
|a 89904547
|
| 020 |
|
|
|a 8185107084 :
|c Rs200.00
|
| 040 |
|
|
|a DLC
|c DLC
|d DLC
|d BD-DhAAL
|
| 082 |
0 |
0 |
|a 305.4/0954
|2 20
|
| 245 |
0 |
0 |
|a Recasting women :
|b essays in colonial history /
|c edited by Kumkum Sangari, Sudesh Vaid.
|
| 260 |
|
|
|a New Delhi :
|b Kali for Women,
|c 1989.[reprinted 1997]
|
| 300 |
|
|
|a 372 p. ;
|c 22 cm.
|
| 500 |
|
|
|a Selection of papers.
|
| 504 |
|
|
|a Includes bibliographical references.
|
| 541 |
1 |
|
|e 00007513
|
| 650 |
|
0 |
|a Women
|z India
|x History.
|
| 650 |
|
0 |
|a Patriarchy
|z India
|x History.
|
| 650 |
|
0 |
|a Feminism
|z India
|x History.
|
| 700 |
1 |
|
|a Sangari, Kumkum.
|
| 700 |
1 |
|
|a Vaid, Sudesh,
|d 1940-
|
| 852 |
4 |
|
|a Ayesha Abed Library
|j General Shelf.
|
| 999 |
|
|
|c 6557
|d 6557
|
| 952 |
|
|
|0 0
|1 0
|2 ddc
|4 0
|6 305_409540000000000_REC_1997
|7 0
|9 6669
|a BRACUL
|b BRACUL
|c GEN
|d 2009-12-31
|g 188.00
|l 11
|m 39
|o 305.40954 REC
|p 3010007513
|r 2022-09-11
|s 2019-02-07
|t 1
|v 376.00
|w 2009-12-31
|y BK
|